| 000 | 01338cam a2200217 4500 | ||
|---|---|---|---|
| 001 | ABS68854 | ||
| 008 | 111024s2005 000 0 eng u | ||
| 035 | _a(Sirsi) u129123 | ||
| 100 | _aGallagher, B | ||
| 245 | _aE-planning has arrived - it's official! | ||
| 260 | _c2005 | ||
| 490 |
_aScottish Planner _v (103) February 2005 9(1) |
||
| 520 | _aExamines "Planning advice note 70: electronic planning service delivery" (PAN 70), also known as the e-PAN, issued in November 2004, which is part of the Scottish Executive's range of actions to promote e-planning in Scottish planning authorities within the wider context of the Executive's e-government strategy. The e-PAN aims to identify how new technology can improve the delivery of the planning service by providing services electronically and describes the range of matters that can usefully be handled electronically and included on planning websites. It also seeks consistency in planning websites. The article also lists the Executive's other current measures directly related to e-planning. View PAN 70 and the Executive's e-planning pages at www.scotland.gov.uk. | ||
| 590 | _aABS | ||
| 650 | _aEPLANNING | ||
| 650 | _aSCOTLAND | ||
| 650 | _aPLANNING SYSTEM | ||
| 650 | _aPAN70 | ||
| 690 | _aENVIRONMENTAL AND LAND CONSULTANCY-PLANNING AND DEVELOPMENT | ||
| 942 | _n0 | ||
| 999 |
_c74960 _d74960 |
||